01565nam a22002657a 4500008004100000020001800041082001800059100003800077245004700115260008700162300003500249337001000284338001400294339001200308500003800320505064100358650002300999650003401022650003601056650003401092650003201126942001201158952011201170999001701282150327b2014 mx ab||| |||| 00| 0 spa d a978607462653704a951.249 C622h1 aCornnelly, Marisela, 1949-eautor10aHístoria de Taiwanc / Marisela Connelly aMéxicob: El Colegio de México : Centro de Estudios de Asia y Áfricac, 2014 a512 p. b: il., grafs., mapas. atexto asin medio avolumen aIncluye bibliografía p. 481-512 aConfiguración de Taiwan. Taiwan : colonia japonesa. Taiwan vuelve a China. Los nacionalistas construyen su base en Taiwan. Jiang Jinggu toma el comando. Li Denghui y la taiwanización de la política. Relaciones en el Estrecho de Taiwan durante el gobierno de Li Denghui. Relaciones con el exterior : lucha de Li Denghui por la presencia internacional de Taiwan y el desarrollo económico. Triunfo de la oposición : la administración de Chen Shuibian. Relaciones a través del Estrecho de Taiwan en la administración de Chen Shuibian. Relaciones exteriores bajo Chen Shuibian. Taiwan bajo Ma Yingjiu. Cronología de Taiwan.14aTAIWANxHÍSTORIA24aTAIWANvRELACIONES EXTERIORES34aTAIWAN xCONDICIONES ECONOMICAS44aELECCIONES xTAIWAN2HISTORIA54aTAIWANxPOLITICA Y GOBIERNO 2ddccLB 00102ddc4070a22b22d2015-03-27l1o951.249 C622hp01 006242r2017-02-14s2017-02-14t1w2015-03-27yLB c96234d96234